| 000 | 01003cam a2200277 i 4500 | ||
|---|---|---|---|
| 001 | bg | ||
| 003 | KOSZ 005 | ||
| 005 | 20220407091939.0 | ||
| 008 | 001030s1979 pl a f f |000 0 pol | ||
| 015 | _aPB 1979/7591 | ||
| 020 | _a8320401356 | ||
| 040 |
_aWA N _cKOSZ 005/HR |
||
| 080 | _a51 | ||
| 080 | _a(076) | ||
| 100 | 1 |
_aGdowski, Bogusław _d(1931-2009) _eAutor |
|
| 245 | 1 | 0 |
_aZbiór zadań z matematyki dla kandydatów na wyższe uczelnie / _cBogusław Gdowski, Edmund Pluciński. |
| 250 | _aWyd. 7. | ||
| 260 |
_aWarszawa : _bWydawnictwa Naukowo-Techniczne, _c1979. |
||
| 300 |
_a531, [1] s. : _bil., wykr. ; _c21 cm. |
||
| 650 | 4 |
_aMatematyka _xszkoły wyższe. |
|
| 655 | 4 | _aĆwiczenia i zadania dla szkół wyższych | |
| 710 | 2 |
_aWydawnictwa Naukowo-Techniczne _4pbl. |
|
| 700 | 1 |
_aPluciński, Edmund _d(1929-2014) _eAutor |
|
| 856 |
_uhttp://koha.tu.koszalin.pl/cgi-bin/koha/opac-detail.pl?biblionumber=1393 _yKatalog online BPK |
||
| 942 |
_2UKD _cKS |
||
| 999 |
_c1393 _d1393 |
||